| 000 | 01614nam0a2200385 4500 | ||
|---|---|---|---|
| 001 | RU\NLR\bibl\997698 | ||
| 005 | 20250614223155.0 | ||
| 010 |
_a5-98811-029-0 _92000 |
||
| 021 |
_aRU _b2006-52757 _92601 |
||
| 035 | _a(nilc)RSL-KNO-002927251 | ||
| 035 | _a(NLR Aleph) 000985445 | ||
| 090 |
_a485712 _c485712 |
||
| 100 | _a20060913d2006 |||y0rusy50 ca | ||
| 101 | 0 | _arus | |
| 102 | _aRU | ||
| 105 | _aa ||||||||| | ||
| 106 | _ar | ||
| 200 | 1 |
_aТранссексуализм _eвозможности гормональной терапии _fС. Ю. Калинченко |
|
| 210 |
_aМосква _cПрактическая медицина _d2006 _eРыбинск _gРыбинский Дом печати |
||
| 215 |
_a189 с. _cил., цв. ил. _d20 |
||
| 320 | _aБиблиогр.: с. 170-189 | ||
| 606 | 1 |
_aТранссексуализм _xГормонотерапия _92444806 _3RU\NLR\auth\661454132 |
|
| 610 | 0 | _aЗдравоохранение. Медицинские науки -- Психиатрия -- Симптоматология психических расстройств -- Половые извращения (перверзии) -- Лекарственная терапия | |
| 610 | 0 | _aтранссексуализм | |
| 686 |
_aР64-328-52,0 _2rubbk |
||
| 686 | _aР705.4-52 | ||
| 700 | 1 |
_aКалинченко _bС. Ю. _gСветлана Юрьевна _4070 |
|
| 801 | 0 |
_aRU _bРКП _c20060913 _grcr |
|
| 801 | 1 |
_aRU _bРГБ _c20060913 |
|
| 801 | 2 |
_aRU _bNLR _c20061016 _grcr |
|
| 830 | _aАвт. по кн | ||
| 942 | _cBOOK | ||
| 980 | _aNB | ||
| 980 | _aSUPPRESS | ||